Normal view
MARC view
Entry Personal Name
001 - CONTROL NUMBER
- control field: 23495
003 - CONTROL NUMBER IDENTIFIER
- control field: ARRUPE
005 - DATE AND TIME OF LATEST TRANSACTION
- control field: 20160330120528.0
008 - FIXED-LENGTH DATA ELEMENTS
- fixed length control field: 160330|| aca||aabn | a|a d
040 ## - CATALOGING SOURCE
- Original cataloging agency: ARRUPE
- Transcribing agency: ARRUPE
100 ## - HEADING--PERSONAL NAME
- Personal name: Casey, Michael,
- Dates associated with a name: 1942-
- Title of a work: Towards God.
670 ## - SOURCE DATA FOUND
- Source citation: Work cat.: (ARRUPE)0: Casey, Michael, 1942- 7592, Toward God :, 1996.